Geografía, política y pensamiento militar en época Antonina. Una visión del Imperio Romano en el siglo II
Na minha lista:
| Autor principal: | |
|---|---|
| Formato: | Livro |
| Idioma: | inglês |
| Publicado em: |
Temuco, Chile.
GEIMA Historia Antigua Ediciones,
2021
|
| coleção: | Colección GEIMA Historia Antigua. Serie Historia de Roma
Nº 1 |
| Assuntos: | |
| Tags: |
Adicionar Tag
Sem tags, seja o primeiro a adicionar uma tag!
|
MARC
| LEADER | 00000nam a22000007a 4500 | ||
|---|---|---|---|
| 003 | CL-VaPUC | ||
| 005 | 20241014131101.0 | ||
| 008 | 211201b2021 ||||| |||| 00| 0 eng d | ||
| 999 | |c 434213 |d 434211 | ||
| 020 | |a 978-956-09579-1-7 | ||
| 040 | |c Pontificia Universidad Católica de Valparaíso | ||
| 082 | |a 937.07 SAE 2021 | ||
| 100 | 1 | |a Sáez Geoffroy, Andrés |9 584416 |e autor | |
| 245 | 1 | |a Geografía, política y pensamiento militar en época Antonina. |b Una visión del Imperio Romano en el siglo II | |
| 260 | |a Temuco, Chile. |b GEIMA Historia Antigua Ediciones, |c 2021 | ||
| 300 | |a 324 páginas | ||
| 490 | |a Colección GEIMA Historia Antigua. |a Serie Historia de Roma |v Nº 1 | ||
| 500 | |a Donacion Sr. Andrés Sáez Geoffroy (autor) memo HIS/010 19-10-2021 | ||
| 583 | |c 20211201 |k Sebastián Perez | ||
| 650 | 0 | |a Imperio Romano |x Los antoninos |y Siglo 2 |9 322785 | |
| 942 | |2 ddc |c BK | ||
| 952 | |0 0 |1 0 |2 ddc |4 0 |6 937_070000000000000_SAE_2021 |7 0 |8 A |9 579424 |a BIBHIS |b BIBHIS |d 2021-12-01 |e Donación |i 5627745 |o 937.07 SAE 2021 |p 5627745 |r 2025-01-20 |t 1 |w 2021-12-01 |y BK |k HIS | ||